| 000 | 00719nam a2200205 i 4500 | ||
|---|---|---|---|
| 001 | 160562 | ||
| 003 | ES-MaACL | ||
| 005 | 20240131063033.0 | ||
| 008 | 990219s1894 sp |||| | spa d | ||
| 040 |
_aCCPB | B _bspa _cCCPB | B |
||
| 100 | 1 |
_aNavarro Reverter, Juan, _d1844-1924 _985166 |
|
| 245 | 1 | 3 |
_aLa verdad de un presupuesto / _cpor Juan Navarro Reverter. |
| 260 |
_aMadrid : _b[s.n.], _c1894 ( _fRomero, impresor) |
||
| 300 |
_a85 p. ; _c17 cm. |
||
| 490 | 1 | _aEstudios financieros | |
| 650 | 4 |
_aFinanzas. _912870 |
|
| 830 | 0 |
_aEstudios financieros _9222055 |
|
| 852 |
_aES-MaACL _jT-878-F-6 _z-- Enc. hol. conservando la cub. original _z-- Enc. en un vol. facticio |
||
| 999 |
_c160562 _d160562 |
||